000 00815nam a2200289 a 4500
001 58655
003 BD-RjUL
005 20211209080638.0
008 731120s1954 nyu 000 0 eng
035 _a(BD-RjUL)58779
035 _a(OCoLC)00745548
035 _aGLIS00137153
040 _aDLC
_cYNG
_dMYG
_beng
041 _aeng
082 _a330.15
_bGOI 1954
090 _aHB87
_b.G627
099 _aHB87.G627
100 1 _aGolob, Eugene O.
_q(Eugene Owen),
_d1915-
_9174332
245 1 5 _aThe "isms" :
_ba history and evaluation /
_cEugene O. Golob
260 _aNew York :
_bHarper,
_cc1954
300 _a681 p. ;
_c22 cm.
650 0 _aEconomics
_xHistory.
_9172699
650 0 _aEconomic policy.
_9170308
650 0 _aSocial policy.
_9170684
650 0 _aSocialism
_xHistory.
_9174333
942 _2ddc
_cBK
999 _c58655
_d58655